Quizzes
Events
Quiz Creation
Community
Videos
Private Events
Remove Ads
Sign In
Join for FREE
Feedback
Dark Mode
Quiz Categories
Sports
Geography
Music
Movies
Television
Just For Fun
Miscellaneous
History
Literature
Language
Science
Gaming
Entertainment
Religion
Holiday
For Kids
Quiz Lab
Recent
Popular Today
Quiz Kudos Today
Editor Picks
Curator Picks
Quizzes by...
Day
Popularity
Type
Ratings
Length
Year
Community
Subscriptions
Recent Discussions
Orange Saloon
Badges
Playlists
Quests
Create
Leaderboards
Showdown
Live 5
Trivia Bingo
Activity
Puzzle Library
Sporcle Events
Private Events
Virtual Trivia
Globe League
Become a Host
Pub Owners
SporcleCon
Opinionation
Our Games
Videos
Blog
Mobile Apps
Partnerships
Remove Ads and Go Orange
Feedback
Sports
Athletes
MLB
NBA
NHL
NFL
Soccer
Sports Teams
WWE
NCAA
Football
Premier League
Basketball
Baseball
Hockey
Golf
Tennis
Cricket
Rugby
Auto Racing
Olympics
World Cup
Sports
Athletes
MLB
NBA
NHL
NFL
Soccer
Sports Teams
WWE
NCAA
Football
Premier League
Basketball
Baseball
Hockey
Golf
Tennis
Cricket
Rugby
Auto Racing
Olympics
World Cup
Random Quiz
Search Sporcle
×
Quiz Lab
Quiz Lab
Sports
Soccer
Type in answers that appear in a list
Type in answers that appear in a list
Classic
Best Score? Go Orange.
Real Madrid's Roster 2010-2011 Stats
Can you name the the entire roster of Real Madrid for the 2010-11 season?
By
soccerguy313
3m
25 Questions
338 Plays
338 Plays
338 Plays
Comments
Comments
Give Quiz Kudos
Give Quiz Kudos
-
- Ratings
hide this ad
Random Order
Randomize order of answers
Randomize order of answers
Replay
Link that replays current quiz
Next Quiz
Link to next quiz in quiz playlist
You Got
0%
They Got
Avg Score
69%
Avg Friend Score
Upgrade to see
Score Distribution
Jump to the score distribution portion of the page
Score
0/25
Timer
03:00
0
Plays Today
Position
Player
% Correct
Forward
Christiano Ronaldo
95.9%
Goalkeeper
Iker Casillas
95.3%
Defender
Sergio Ramos
91.4%
Midfielder
Mesut Özil
88.5%
Defender
Kléper Laverán (Pepe)
88.2%
Forward
Karim Benzema
87%
Midfielder
Xabi Alonso Olano
86.7%
Midfielder
Ricardo Izecson dos Santos Leite (Kaka)
84.9%
Forward
Gonzalo Higuaín
84.3%
Defender
Marcelo Vieira
81.1%
Midfielder
Ángel di María
74.9%
Defender
Alvaro Arbeloa Coca
72.5%
Midfielder
Sami Khedira
71.6%
Position
Player
% Correct
Midfielder
Mahamadou Diarra
70.1%
Defender
Ricardo Alberto Silveira Carvalho
69.2%
Defender
Raul Albiol Tortajada
67.5%
Goalkeeper
Jerzy Dudek
61.2%
Midfielder
Lassana Diarra
56.8%
Midfielder
Fernando Ruben Gago
55%
Goalkeeper
Antonio Adan Garrido
54.1%
Midfielder
Esteban Granero Molina
54.1%
Midfielder
Sergio Canales
47%
Midfielder
Pedro León Sánchez
42.6%
Defender
Ezequiel Garay
42%
Defender
David Mateos Ramajo
18.6%
Quiz Playlist
Details
Report
Send in Message
Add To Playlist
Classic:
Type in answers that appear in a list
Random Order:
Randomize order of answers
Last Updated: Feb 16, 2017
Quiz Scoreboard
CHALLENGE
Sign Up to Join the Scoreboard
Show All
Scores
Hide
Comments
May contain spoilers
Recently Published
College Basketball Coaching Resumes
by pancakes188
Sports
9m
Billboard Blitz: Fleetwood Mac
by CooCooCachoo
Music
15s
Presidents Visiting Landmarks
by Hejman
History
7m
More to Explore
Quiz From the Vault
Featured Blog Post
Where Did the Easter Bunny Come From?
hide this ad
You Might Also Like...
Tags
Football Quiz
Soccer Quiz
Real Madrid
Today's Top Quizzes in Sports
Browse Sports
hide this ad
Today's Top Quizzes in Soccer
Browse Soccer
Top Contributed Quizzes in Sports
1
2022 World Cup Stars
2
Les meilleurs buteurs des matchs entre le PSG et l’OM
3
FIFA Club World Cup Champions
4
Les entraîneurs de l'OM et du PSG au 21e siècle
5
Criteria MLB: Left Handed Sluggers
6
AFC Teams Reveal (Wrong Answers Minefield)
7
5-to-1: UK Sports Teams
8
5-to-1: FBS Animal Nicknames
9
2023 MLB Unique Player Accomplishments
10
Name the Premier League winners with different clubs
Explore More
Trending Topics
Kpop
Harry Potter
Anime
NBA
Marvel
Disney
Crossword
NFL
Song
Pokémon
Country
Puzzle
The Office
WWE
Soccer
hide this ad
More By:
soccerguy313
Quiz
Plays
Rating
Category
Featured
Created
Safe Cracker III
954
2.67
Just For Fun
Dec 8, 2010
NFL 2010: Starting Quaterbacks Week 1
363
3.67
Sports
Dec 2, 2010
Real Madrid's Roster 2010-2011
338
1.00
Sports
Dec 2, 2010
Can't Touch This!
136
3.00
Science
Jan 14, 2011
Super Bowl Hosts by Stadium
121
4.00
Sports
Jan 10, 2011
Go to Creator's Profile
Score Distribution
Quiz Creator Spotlight
soccerguy313
Follow
Send a Message
Quizzes Created
-
Created Quiz Play Count
-
More By This Creator
Popular Quizzes Today
1
Find the US States - No Outlines Minefield
2
Find the Countries of Europe - No Outlines Minefield
3
The Countries of the World
4
Find the US States
5
Risky Map Clicking: Biggest States A-Z
6
US States
7
Popular People in 1961
8
Movies - When Are They Set?
More Sports Quizzes
UEFA Champions League Winners' Starting XI
Published
Trending Quizzes
Risky Map Clicking: Least Populous States A-Z
1-10 Letter G Words
1-10 Letter F Words
Risky Map Clicking: Next State Alphabetically
Risky Map Clicking: Biggest States A-Z
Recently Updated
Leaping Animals
pecheneg
Reality TV Shows (A-Z)
bhenderson79
Rickey Henderson's Hall of Fame Teammates
pecheneg
Champions League XIs: Arsenal
pecheneg
Quick Pick: Celebrities in WWE's Hall of Fame
aduchscher
A-Z Keypad Blitz II
pecheneg
Multiple Oscar Actors
pecheneg
Mystery Phrase Blitz: Oscar 'Best Actors'
pecheneg
F. Scott Fitzgerald Novels
LTH
Pick 3 Villains
ddd62291
Trending Topics
Kpop
Anime
Crossword
Disney
Marvel
Harry Potter
NBA
WWE
NFL
Song
Country
Puzzle
Soccer
The Office
Pokémon
Your Account Isn't Verified!
In order to create a playlist on Sporcle, you need to verify the email address you used during registration. Go to your
Sporcle Settings
to finish the process.
Report this User
Report this user for behavior that violates our
Community Guidelines
.
Details:
Send Report
Go to the Sporcle.com Mobile Site →
Comments